000 00430nam a2200193Ia 4500
003 OSt
005 20230608111831.0
008 210423s2013 xx 000 0 und d
040 _cAL
041 _aeng
082 _a514 MUNJ
100 _aMUNKRES (James R).
_9122414
245 _aTopology.
260 _aNew Delhi
_bAcademic Foundation
_c2013
300 _bPB
365 _cINR
906 _aTopology.
942 _2ddc
_cBK
999 _c161463
_d161463